[Event "Ustron op-C"]
[Site "Ustron"]
[Date "2020.08.15"]
[Round "1"]
[White "Gajzner, Ryszard"]
[Black "Cech, Petr"]
[Result "1-0"]
[WhiteElo "1649"]
[BlackElo "1291"]
[PlyCount "75"]
[EventDate "2020.08.15"]
[EventType "swiss"]
[EventRounds "9"]
[EventCountry "POL"]
[SourceTitle "EXT 2021"]
[Source "ChessBase"]
[SourceDate "2020.10.23"]
[SourceVersion "1"]
[SourceVersionDate "2020.10.23"]
[SourceQuality "1"]

1. e4 c5 2. Nf3 Nc6 3. Bb5 a6 4. Bxc6 bxc6 5. 0-0 d6 6. e5 Bg4 7. exd6 exd6 8. h3 Bh5 9. Re1+ Be7 10. d4 cxd4 11. g4 Bg6 12. Nxd4 c5 13. Nc6 Qc7 14. Nxe7 Nxe7 15. c4 Bxb1 16. Rxb1 0-0 17. Bf4 Rfd8 18. Bg5 f6 19. Bf4 Nc6 20. Qd5+ Kh8 21. Qxc5 dxc5 22. Bxc7 Rdc8 23. Bd6 Nd4 24. Kg2 Rc6 25. Bf4 Ne6 26. Be3 Rd8 27. Rbd1 Rcd6 28. Rxd6 Rxd6 29. Bxc5 Rc6 30. Ba3 h6 31. b3 Nd4 32. Rd1 Ne6 33. Rd6 Rxd6 34. Bxd6 Nd4 35. b4 Kg8 36. a4 Kf7 37. b5 axb5 38. cxb5 1-0

[Event "Ustron op-C"]
[Site "Ustron"]
[Date "2020.08.15"]
[Round "2"]
[White "Seklecki, Jakub"]
[Black "Gajzner, Ryszard"]
[Result "1-0"]
[WhiteElo "1469"]
[BlackElo "1649"]
[PlyCount "64"]
[EventDate "2020.08.15"]
[EventType "swiss"]
[EventRounds "9"]
[EventCountry "POL"]
[SourceTitle "EXT 2021"]
[Source "ChessBase"]
[SourceDate "2020.10.23"]
[SourceVersion "1"]
[SourceVersionDate "2020.10.23"]
[SourceQuality "1"]

1. c4 e6 2. e4 d5 3. exd5 exd5 4. d4 Nf6 5. Nc3 Be7 6. Nf3 0-0 7. Be2 dxc4 8. Bxc4 Bg4 9. Be3 Nc6 10. Be2 Nb4 11. 0-0 Nbd5 12. Ne5 Bxe2 13. Qxe2 c6 14. Rac1 h6 15. Qf3 Bd6 16. Rcd1 Qc7 17. Qg3 Nxe3 18. Qxe3 Rfe8 19. f4 Qb6 20. Qf2 Rad8 21. Kh1 Bb4 22. a3 Bxc3 23. bxc3 Nd5 24. Qa2 Qc7 25. Qd2 f6 26. c4 fxe5 27. cxd5 Rxd5 28. fxe5 Rexe5 29. Qf4 Re7 30. Qf8+ Kh7 31. Rde1 Rxe1 32. Rxe1 Rf5 1-0

[Event "Rubinstein Memorial-C 55th"]
[Site "Polanica Zdroj"]
[Date "2019.08.17"]
[Round "1"]
[White "Gajzner, Ryszard"]
[Black "Jedrzejczak, Lukasz"]
[Result "1/2-1/2"]
[WhiteElo "1740"]
[BlackElo "1412"]
[PlyCount "65"]
[EventDate "2019.08.17"]
[EventType "swiss"]
[EventRounds "9"]
[EventCountry "POL"]
[SourceTitle "EXT 2020"]
[Source "ChessBase"]
[SourceDate "2019.10.17"]
[SourceVersion "1"]
[SourceVersionDate "2019.10.17"]
[SourceQuality "1"]

1. Nf3 Nf6 2. c4 e6 3. g3 b6 4. Bg2 Bb7 5. 0-0 c5 6. Nc3 Be7 7. b3 0-0 8. Bb2 d5 9. Ne5 Nbd7 10. f4 Qc8 11. e3 dxc4 12. bxc4 Bxg2 13. Kxg2 Nxe5 14. fxe5 Nd7 15. Ne4 Qc6 16. Qf3 Kh8 17. Kg1 Rad8 18. Rf2 Qa4 19. d3 Nb8 20. Rd2 Nc6 21. Nc3 Nxe5 22. Qe4 Qa5 23. Rf2 Nxd3 24. Raf1 Nxf2 25. Rxf2 Bf6 26. Rxf6 gxf6 27. Qf4 Kg7 28. Qg4+ Kh8 29. Qf4 Kg7 30. Qg4+ Kh8 31. Ne2 Qe1+ 32. Kg2 e5 33. Qf3 1/2-1/2

[Event "EU-ch blitz"]
[Site "Katowice"]
[Date "2017.12.15"]
[Round "1"]
[White "Fedorov, Alexei"]
[Black "Gajzner, Ryszard"]
[Result "1-0"]
[WhiteElo "2573"]
[BlackElo "1723"]
[PlyCount "47"]
[EventDate "2017.12.15"]
[EventType "swiss (blitz)"]
[EventRounds "22"]
[EventCountry "POL"]
[SourceTitle "CBM 182 Extra"]
[Source "ChessBase"]
[SourceDate "2018.02.23"]
[SourceVersion "1"]
[SourceVersionDate "2018.02.23"]
[SourceQuality "1"]

1. e4 c5 2. d3 Nc6 3. f4 g6 4. Nf3 Bg7 5. Be2 e6 6. 0-0 Nge7 7. c3 0-0 8. Be3 d6 9. d4 cxd4 10. cxd4 Bd7 11. Nc3 Rc8 12. Qd2 d5 13. e5 Nf5 14. Bf2 Qb6 15. g4 Nfe7 16. Bh4 Na5 17. Bxe7 Rfe8 18. Bf6 Nc4 19. Bxc4 Rxc4 20. Rad1 Qa5 21. Bxg7 Kxg7 22. Nh4 b5 23. f5 b4 24. f6+ 1-0

[Event "Rubinstein Memorial-C 53rd"]
[Site "Polanica Zdroj"]
[Date "2017.08.19"]
[Round "3"]
[White "Budnik, Mateusz"]
[Black "Gajzner, Ryszard"]
[Result "1-0"]
[WhiteElo "1987"]
[BlackElo "1717"]
[PlyCount "84"]
[EventDate "2017.08.19"]
[EventType "swiss"]
[EventRounds "9"]
[EventCountry "POL"]
[SourceTitle "CBM 180 Extra"]
[Source "ChessBase"]
[SourceDate "2017.10.06"]
[SourceVersion "1"]
[SourceVersionDate "2017.10.06"]
[SourceQuality "1"]

1. e4 c5 2. Nf3 d6 3. d4 cxd4 4. Nxd4 Nf6 5. Nc3 a6 6. h3 e5 7. Nde2 h5 8. g3 Be6 9. Bg2 Be7 10. Be3 b5 11. 0-0 Nbd7 12. a4 b4 13. Nd5 Bxd5 14. exd5 Rc8 15. c3 Qa5 16. Qd2 bxc3 17. Nxc3 0-0 18. Rab1 Rb8 19. Rfc1 Nc5 20. Bxc5 dxc5 21. Re1 Bd6 22. Qg5 Rb4 23. Ne4 Rxe4 24. Bxe4 Qxa4 25. Bg2 Rb8 26. Qd2 a5 27. Ra1 Qb4 28. Qxb4 axb4 29. Ra6 Rd8 30. Rea1 Be7 31. Ra8 Rxa8 32. Rxa8+ Kh7 33. Ra7 Bd6 34. Rxf7 Kg8 35. Rb7 Kf8 36. Kf1 e4 37. Ke2 Be5 38. b3 Nxd5 39. Bxe4 Nc3+ 40. Kf3 g5 41. Bg6 h4 42. gxh4 gxh4 1-0

[Event "Warsaw Najdorf Memorial op-B 13th"]
[Site "Warsaw"]
[Date "2015.07.10"]
[Round "1"]
[White "Gajzner, Ryszard"]
[Black "Drozdowski, Konrad"]
[Result "0-1"]
[WhiteElo "1749"]
[BlackElo "2059"]
[PlyCount "58"]
[EventDate "2015.07.10"]
[EventType "swiss"]
[EventRounds "9"]
[EventCountry "POL"]
[SourceTitle "CBM 167 Extra"]
[Source "ChessBase"]
[SourceDate "2015.09.14"]
[SourceVersion "1"]
[SourceVersionDate "2015.09.14"]
[SourceQuality "1"]

1. d4 d5 2. c4 dxc4 3. e3 e6 4. Bxc4 Nf6 5. Nf3 c5 6. 0-0 a6 7. Nc3 Qc7 8. Bd3 Be7 9. Bd2 0-0 10. Rc1 Qd6 11. Bb1 cxd4 12. exd4 Nc6 13. Bg5 Rd8 14. Qc2 Nb4 15. Qb3 Nbd5 16. a3 h6 17. Bh4 Nxc3 18. Qxc3 Bd7 19. Bg3 Qd5 20. Qe3 Bc6 21. Rfd1 Nh5 22. Qe5 Nxg3 23. hxg3 Bf6 24. Qxd5 Bxd5 25. Rc7 Bxf3 26. gxf3 Bxd4 27. Rd2 Be5 28. Rxd8+ Rxd8 29. Kg2 Bxc7 0-1

[Event "Rewal op-B 18th"]
[Site "Rewal"]
[Date "2013.08.24"]
[Round "5"]
[White "Rudol, Maria"]
[Black "Gajzner, Ryszard"]
[Result "1-0"]
[WhiteElo "1446"]
[BlackElo "1755"]
[PlyCount "95"]
[EventDate "2013.08.20"]
[EventType "swiss"]
[EventRounds "9"]
[EventCountry "POL"]
[SourceTitle "CBM 156 Extra"]
[Source "ChessBase"]
[SourceDate "2013.10.22"]
[SourceVersion "1"]
[SourceVersionDate "2013.10.22"]
[SourceQuality "1"]

1. c4 c5 2. Nc3 b6 3. Nf3 Bb7 4. g3 Nf6 5. Bg2 e6 6. 0-0 Be7 7. d3 0-0 8. Bf4 a6 9. Rb1 Nh5 10. Be3 d6 11. a3 Nd7 12. b4 Qc7 13. Qb3 Rab8 14. Rfc1 Nhf6 15. Ra1 h6 16. Rab1 Ng4 17. Bf4 g5 18. Bd2 Ngf6 19. Be3 Rfc8 20. Ne1 Bxg2 21. Nxg2 Ng4 22. Bd2 Bf6 23. f4 gxf4 24. Bxf4 Bg7 25. Ne4 e5 26. Bd2 f5 27. Nc3 Qd8 28. Nh4 f4 29. Nf5 Qe8 30. h3 Qh5 31. hxg4 Qxg4 32. Nd5 Kh8 33. e4 Rf8 34. Qd1 Qh3 35. Qf1 Qg4 36. Qg2 Rxf5 37. exf5 Qxf5 38. gxf4 exf4 39. Qe4 Bd4+ 40. Kf1 Qg4 41. Qg2 Qf5 42. Nxf4 Rg8 43. Qe4 Qg5 44. Qh1 Kh7 45. Re1 Ne5 46. Qg2 Qh4 47. Qe4+ Ng6 48. Re2 1-0

[Event "Rewal op-B 18th"]
[Site "Rewal"]
[Date "2013.08.20"]
[Round "1"]
[White "Suliborski, Jakub"]
[Black "Gajzner, Ryszard"]
[Result "1-0"]
[WhiteElo "2002"]
[BlackElo "1755"]
[PlyCount "59"]
[EventDate "2013.08.20"]
[EventType "swiss"]
[EventRounds "9"]
[EventCountry "POL"]
[SourceTitle "CBM 156 Extra"]
[Source "ChessBase"]
[SourceDate "2013.10.22"]
[SourceVersion "1"]
[SourceVersionDate "2013.10.22"]
[SourceQuality "1"]

1. d4 e6 2. e4 d5 3. Nc3 Nf6 4. Bg5 Bb4 5. e5 h6 6. Bd2 Bxc3 7. bxc3 Ne4 8. Bd3 Nxd2 9. Qxd2 c5 10. f4 Nc6 11. Nf3 Bd7 12. 0-0 Rc8 13. Rab1 cxd4 14. cxd4 Na5 15. Qb4 b6 16. Nd2 Nc6 17. Qb2 Ne7 18. Rbe1 0-0 19. Re3 f5 20. exf6 Rxf6 21. c3 Nf5 22. Bxf5 exf5 23. Qb3 Be6 24. Rfe1 Bf7 25. Nf3 Kh7 26. Ne5 Bg8 27. Qc2 Rc7 28. g4 Kh8 29. g5 hxg5 30. fxg5 1-0

[Event "Rewal op-B 17th"]
[Site "Rewal"]
[Date "2012.08.??"]
[Round "2"]
[White "Hasanov, Sahib"]
[Black "Gajzner, Ryszard"]
[Result "1-0"]
[WhiteElo "2068"]
[BlackElo "1734"]
[PlyCount "51"]
[EventDate "2012.08.20"]
[EventType "swiss"]
[EventRounds "9"]
[EventCountry "POL"]
[SourceTitle "EXT 2014"]
[Source "ChessBase"]
[SourceDate "2013.11.20"]
[SourceVersion "1"]
[SourceVersionDate "2013.11.20"]
[SourceQuality "1"]

1. d4 e6 2. g3 f5 3. Bg2 Nf6 4. c4 d5 5. Nc3 c6 6. Nf3 Bd6 7. 0-0 0-0 8. Ne5 b6 9. Bg5 Qe8 10. Bxf6 Rxf6 11. cxd5 exd5 12. Nxd5 Bxe5 13. dxe5 Rf7 14. Nb4 Qxe5 15. Nxc6 Nxc6 16. Bxc6 Bb7 17. Bxb7 Rxb7 18. Qb3+ Kh8 19. e3 h6 20. Rad1 Rc7 21. Rd5 Qf6 22. Rfd1 Rac8 23. Rd6 Qe7 24. Qd5 Rc5 25. Qd4 R5c7 26. Rxh6+ 1-0

[Event "OP-2010-0-01288"]
[Site "LSS email"]
[Date "2010.10.29"]
[Round "?"]
[White "Feng, Jason"]
[Black "Gajzner, Ryszard"]
[Result "0-1"]
[WhiteElo "937"]
[BlackElo "1918"]
[PlyCount "46"]
[EventDate "2010.10.09"]
[EventType "tourn (corr)"]
[EventRounds "4"]
[EventCountry "GER"]
[SourceTitle "Telechess CBM 143"]
[Source "ChessBase"]
[SourceDate "2011.07.15"]
[SourceVersion "1"]
[SourceVersionDate "2011.07.15"]
[SourceQuality "1"]

1. d4 Nf6 2. c4 g6 3. Nc3 Bg7 4. e4 d6 5. Nf3 0-0 6. Be2 Nc6 7. d5 Nb8 8. 0-0 Nbd7 9. Be3 Nc5 10. Bxc5 dxc5 11. e5 Ng4 12. e6 fxe6 13. Ng5 Ne5 14. Nxe6 Bxe6 15. dxe6 Qd6 16. Qxd6 cxd6 17. f4 Nc6 18. Rac1 Bd4+ 19. Kh1 Be3 20. Rcd1 Bxf4 21. Bf3 Be5 22. Bxc6 bxc6 23. Rxf8+ Rxf8 0-1

[Event "LSS SB-2010-0-00112"]
[Site "LSS email"]
[Date "2010.10.13"]
[Round "?"]
[White "Gajzner, Ryszard"]
[Black "De Waele, Willy"]
[Result "1/2-1/2"]
[WhiteElo "1920"]
[BlackElo "1985"]
[PlyCount "144"]
[EventDate "2010.09.15"]
[EventType "tourn (corr)"]
[EventRounds "6"]
[EventCountry "GER"]
[SourceTitle "Telechess CBM 143"]
[Source "ChessBase"]
[SourceDate "2011.07.15"]
[SourceVersion "1"]
[SourceVersionDate "2011.07.15"]
[SourceQuality "1"]

1. Nf3 Nf6 2. c4 e6 3. g3 d5 4. b3 c5 5. Bg2 Nc6 6. 0-0 Be7 7. Bb2 0-0 8. e3 b6 9. Nc3 Bb7 10. cxd5 Nxd5 11. Nxd5 Qxd5 12. d4 Rad8 13. Ne5 Qd6 14. Rc1 Qc7 15. Nxc6 Bxc6 16. Bxc6 Qxc6 17. Qg4 f5 18. Qxg7+ Kxg7 19. d5+ Kf7 20. dxc6 Rd2 21. Be5 Rc8 22. Rfd1 Rd5 23. Bb2 Rxc6 24. Kf1 Rcd6 25. Ke2 Rd8 26. f3 Bf6 27. Bxf6 Kxf6 28. Rxd5 exd5 29. Kd3 a5 30. a4 Rg8 31. e4 dxe4+ 32. fxe4 Rd8+ 33. Ke3 fxe4 34. Kxe4 Rd2 35. h3 Rd4+ 36. Ke3 Rb4 37. Rc3 Ke5 38. g4 Re4+ 39. Kf3 Rd4 40. Ke2 Kf4 41. Rf3+ Kg5 42. Rf5+ Kg6 43. Rf3 h5 44. gxh5+ Kxh5 45. Rd3 Re4+ 46. Re3 Rb4 47. Kd2 Kg6 48. Kc3 Kf5 49. Rf3+ Ke5 50. Re3+ Kd6 51. Rg3 Rh4 52. Rg6+ Kc7 53. Rg7+ Kd8 54. Rg3 Kd7 55. Rg7+ Kc6 56. Rg6+ Kd5 57. Rg5+ Ke6 58. Rg6+ Kd5 59. Rg5+ Kc6 60. Rg6+ Kb7 61. Rg3 Rh6 62. Re3 Kc6 63. Rd3 b5 64. axb5+ Kxb5 65. Rf3 Rh4 66. Rd3 Rh7 67. Rg3 Rh5 68. Rf3 Rh6 69. Re3 Kb6 70. Rg3 Rh4 71. Re3 Kb7 72. Rg3 Kc6 1/2-1/2